| 000 | 00539nam a22001817a 4500 | ||
|---|---|---|---|
| 003 | OSt | ||
| 005 | 20140428084614.0 | ||
| 008 | 140428b xxu||||| |||| 00| 0 eng d | ||
| 050 |
_aCJ 1830 _b.H684 1963 |
||
| 100 | _aHobson, Burton | ||
| 245 |
_aManual for coin collectors and investors / _cBurton Hobson and Fred Reinfeld. |
||
| 260 |
_aNew York : _bSterling, _cc1963. |
||
| 300 |
_a160 p. : _bill. ; _c20 cm. |
||
| 440 |
_aWorthwhile how-to paperbacks _n#402 |
||
| 650 |
_aCoins _vUnited States. |
||
| 942 |
_2lcc _cBK |
||
| 999 |
_c115523 _d115523 |
||